000 01072nam a22003257a 4500
001 BR0002700
003 BR-BrBNA
005 20230928100657.0
007 ta
008 230509b bl.||||| |||| 00| 0 por d
040 _aBR-BrBNA
_bpor
_cBiblioteca Nacional de Agricultura
041 _a(Por)
072 _aP34
_b3240
090 _ 3240 BR0002700
100 1 _aBaptista, M.J.
110 1 _aEscola Superior de Agricultura Luiz de Queiroz, Piracicaba, SP (Brasil)
_0Tese (Doutor em Agronomia)
245 1 _aEnvolvimento de exsudatos radiculares, compostos fenolicos e enzimas vegetais na compatibilidade entre isolados do fungo ectomicorrizico Pisolithus tinctorius e plantulas de Eucalyptus urophylla
260 3 _aPiracicaba, SP (Brasil):
_c2000.
300 _a115 p.
500 _aSummaries (Eng, Por); Bibliography p. 101-111; 23 illus.
650 _aEucalipto
650 _aMicorriza
650 _aSimbiose
650 _aPlantula
650 _aEnzima
650 _aFenol
650 _aRaiz
909 _a202309
_bLucia
_c55
_dLucia Elande
942 _cBK
999 _c62306
_d62306